000 00645nam a2200229 4500
005 20251007091528.0
020 _a471019178
_cTZS 25,000/=
040 _aMCCL
_beng
_eAACR 2nd rev. ed.
082 _a658.4 ALB
100 _aAlbers Henry H.
245 _aPrinciples of management :
_bA modern approach /
_cHenry H. Albers
250 _a4rd ed.
260 _aNew York :
_bJohn wiley & sons, Inc.
_cc1969.
300 _axii ,579p . :
_c21 cm.
_bill. ;
500 _aIncludes index.
546 _aeng.
650 _aPrinciples of management
650 _amanagement.
650 _aorganization
700 _aHenry H. Albers .
942 _cBK
999 _c12182
_d12182